00419cam a2200133 a 4500040000800000082002600008245007900034246004200113260004300155300003500198500002200233650002000255710001000275 cUUP a349 SEC 1998 AO67 Co.00a2002 Olympic Winter Games :bestimated local government Olympic revenues /3 aTwo thousand two Olympic Winter Games aSalt Lake City :bThe Section,c[1998] ai, 37 leaves :bill. ;c28 cm. a"November, 1998." 0aWinter Olympics1 aUtah.